The elements of jurisprudence 2006 / (Record no. 1004)
[ view plain ]
| 000 -LEADER | |
|---|---|
| fixed length control field | 00712nam a22002297a 4500 |
| 001 - CONTROL NUMBER | |
| control field | 9296 |
| 003 - CONTROL NUMBER IDENTIFIER | |
| control field | BD-DhUAP |
| 005 - DATE AND TIME OF LATEST TRANSACTION | |
| control field | 20210127155723.0 |
| 008 - FIXED-LENGTH DATA ELEMENTS--GENERAL INFORMATION | |
| fixed length control field | 200129s2006 ii a b 000 0 eng d |
| 040 ## - CATALOGING SOURCE | |
| Original cataloging agency | BD-DhAAL |
| Transcribing agency | BD-DhAAL |
| Language of cataloging | Eng |
| Modifying agency | BD-DhUAP |
| 082 00 - DEWEY DECIMAL CLASSIFICATION NUMBER | |
| Classification number | 340 JHA |
| Edition number | 23 |
| 100 1# - MAIN ENTRY--PERSONAL NAME | |
| Personal name | Jhabvala, Noshirvan H. |
| 245 10 - TITLE STATEMENT | |
| Title | The elements of jurisprudence 2006 / |
| Statement of responsibility, etc. | by Noshirvan H. Jhabvala. |
| 250 ## - EDITION STATEMENT | |
| Edition statement | 24th rev. ed. |
| 260 ## - PUBLICATION, DISTRIBUTION, ETC. | |
| Place of publication, distribution, etc. | Mumbai, India : |
| Name of publisher, distributor, etc. | C. Jamnadas, |
| Date of publication, distribution, etc. | 2006 [Reprinted 2012]. |
| 300 ## - PHYSICAL DESCRIPTION | |
| Extent | iv, 220 pages : |
| Other physical details | illustrations ; |
| Dimensions | 24 cm. |
| 504 ## - BIBLIOGRAPHY, ETC. NOTE | |
| Bibliography, etc. note | Includes bibliographical references. |
| 650 #0 - SUBJECT ADDED ENTRY--TOPICAL TERM | |
| Topical term or geographic name entry element | Jurisprudence. |
| 942 ## - ADDED ENTRY ELEMENTS (KOHA) | |
| Source of classification or shelving scheme | |
| Koha item type | Book |
| Withdrawn status | Lost status | Source of classification or shelving scheme | Damaged status | Not for loan | Permanent Location | Current Location | Shelving location | Date acquired | Full call number | Barcode | Date last seen | Copy number | Price effective from | Koha item type | Total Checkouts | Date last checked out |
|---|---|---|---|---|---|---|---|---|---|---|---|---|---|---|---|---|
| UAP Central Library | UAP Central Library | General Stacks | 2020-01-29 | 340 JHA | 3010009296 | 2020-01-29 | 1 | 2020-01-29 | Book | |||||||
| UAP Central Library | UAP Central Library | General Stacks | 2020-01-29 | 340 JHA | 3010011123 | 2020-01-29 | 2 | 2020-01-29 | Book | |||||||
| UAP Central Library | UAP Central Library | General Stacks | 2020-01-29 | 340 JHA | 3010011122 | 2020-01-29 | 3 | 2020-01-29 | Book | |||||||
| UAP Central Library | UAP Central Library | General Stacks | 2020-01-29 | 340 JHA | 3010011651 | 2020-01-29 | 4 | 2020-01-29 | Book | |||||||
| UAP Central Library | UAP Central Library | General Stacks | 2020-01-29 | 340 JHA | 3010014267 | 2020-01-29 | 5 | 2020-01-29 | Book | |||||||
| UAP Central Library | UAP Central Library | General Stacks | 2020-01-29 | 340 JHA | 3010014263 | 2020-01-29 | 6 | 2020-01-29 | Book | |||||||
| UAP Central Library | UAP Central Library | General Stacks | 2020-01-29 | 340 JHA | 3010014264 | 2023-09-12 | 7 | 2020-01-29 | Book | 1 | 2023-08-29 | |||||
| UAP Central Library | UAP Central Library | General Stacks | 2020-01-29 | 340 JHA | 3010014265 | 2020-01-29 | 8 | 2020-01-29 | Book | |||||||
| UAP Central Library | UAP Central Library | General Stacks | 2020-01-29 | 340 JHA | 3010011649 | 2020-02-05 | 9 | 2020-01-29 | Book | |||||||
| UAP Central Library | UAP Central Library | Reserve Stacks | 2021-01-27 | 340 JHA | 3010008793 | 2021-01-27 | 10 | 2021-01-27 | Book | |||||||
| UAP Central Library | UAP Central Library | Reserve Stacks | 2021-01-27 | 340 JHA | 3010017246 | 2021-01-27 | 11 | 2021-01-27 | Book | |||||||
| UAP Central Library | UAP Central Library | Reserve Stacks | 2021-01-27 | 340 JHA | 3010017245 | 2021-01-27 | 12 | 2021-01-27 | Book | |||||||
| UAP Central Library | UAP Central Library | Reserve Stacks | 2021-01-27 | 340 JHA | 3010017244 | 2021-01-27 | 13 | 2021-01-27 | Book | |||||||
| UAP Central Library | UAP Central Library | General Stacks | 2021-01-31 | 340 JHA | 3010011121 | 2021-01-31 | 14 | 2021-01-31 | Book | |||||||
| UAP Central Library | UAP Central Library | General Stacks | 2021-01-31 | 340 JHA | 3010014266 | 2021-01-31 | 15 | 2021-01-31 | Book |
Bengali Keyboard